Actitudes hacia el tamaño de la familia y otros temas demográficos en los asentamientos del ITCO /
El documento presenta los resultados de la encuesta realizada por Dr. Mitchell A. Seligson, el 21 de abril y el 21 de junio de 1976, en la que encuesto a los beneficiarios de los asentamientos del Instituto de Tierras y Colonización; con el objetivo de determinar de forma preliminar la influencia de...
محفوظ في:
| المؤلف الرئيسي: | |
|---|---|
| مؤلفون آخرون: | |
| التنسيق: | نص |
| اللغة: | Spanish |
| منشور في: |
Costa Rica :
UNA. IDESPO
1976
|
| الموضوعات: | |
| الوسوم: |
إضافة وسم
لا توجد وسوم, كن أول من يضع وسما على هذه التسجيلة!
|
MARC
| LEADER | 00000 a a2200000 04500 | ||
|---|---|---|---|
| 001 | 16827 | ||
| 003 | cru IIS | ||
| 005 | 20220713112527.0 | ||
| 008 | 220711b |||||||| |||| 00| 0 spa d | ||
| 040 | |c cru IIS | ||
| 090 | |a 14.01.01 R696a | ||
| 100 | |a Rodríguez Céspedez, Ennio | ||
| 245 | |a Actitudes hacia el tamaño de la familia y otros temas demográficos en los asentamientos del ITCO / |c Ennio Rodríguez Céspedez | ||
| 260 | |a Costa Rica : |b UNA. IDESPO |c 1976 | ||
| 300 | |a 39 p | ||
| 520 | |a El documento presenta los resultados de la encuesta realizada por Dr. Mitchell A. Seligson, el 21 de abril y el 21 de junio de 1976, en la que encuesto a los beneficiarios de los asentamientos del Instituto de Tierras y Colonización; con el objetivo de determinar de forma preliminar la influencia de las variables que explican las actitudes hacia el tamaño de las familias del ITCO. | ||
| 650 | 0 | |9 605 |a CENSOS | |
| 650 | 0 | |9 91 |a FAMILIA | |
| 650 | 4 | |9 3428 |a DEMOGRAFIA | |
| 700 | |a Salazar Xirinachs, José Manuel | ||
| 942 | |2 ddc |c LI | ||
| 999 | |c 10578 |d 10578 | ||
